Изучение неоднородностей наполненных композиционных материалов методом цветовой модели RGB; Материаловедение; № 12

Detalles Bibliográficos
Parent link:Материаловедение: научно-технический и производственный журнал.— , 2001-
№ 12.— 2004.— С. 9-13
Autor Principal: Ермолаева Н. П.
Outros autores: Хабас Т. А. Тамара Андреевна, Верещагин В. И. Владимир Иванович
Summary:Исследована возможность применения компьютерных цветовых моделей RGB по программе Adobe Photoshop с целью оценки качества полимерных композиций, состоящих из полипропилена с различными наполнителями. В качестве наполнителей были использованы сажа и природные минералы - диопсид, волластонит, тремолит. На примере гистограмм, построение которых основано на использовании основных цветовых моделей (красного, зеленого и синего), воспринимаемых человеческим глазом, показано, что применение данного метода позволяет выявить в композиционном материале различные неоднородности в распределении наполнителя в массе связующего, независимо от вида наполнителя
Idioma:ruso
Publicado: 2004
Subjects:
Formato: MixedMaterials Capítulo de libro
KOHA link:https://koha.lib.tpu.ru/cgi-bin/koha/opac-detail.pl?biblionumber=426578

MARC

LEADER 00000naa2a2200000 4500
001 426578
005 20240209111111.0
035 |a (RuTPU)RU\TPU\prd\85369 
090 |a 426578 
100 |a 20100713a2004 k y0rusy50 ca 
101 0 |a rus 
102 |a RU 
200 1 |a Изучение неоднородностей наполненных композиционных материалов методом цветовой модели RGB  |f Н. П. Ермолаева, Т. А. Хабас, В. И. Верещагин 
330 |a Исследована возможность применения компьютерных цветовых моделей RGB по программе Adobe Photoshop с целью оценки качества полимерных композиций, состоящих из полипропилена с различными наполнителями. В качестве наполнителей были использованы сажа и природные минералы - диопсид, волластонит, тремолит. На примере гистограмм, построение которых основано на использовании основных цветовых моделей (красного, зеленого и синего), воспринимаемых человеческим глазом, показано, что применение данного метода позволяет выявить в композиционном материале различные неоднородности в распределении наполнителя в массе связующего, независимо от вида наполнителя 
461 1 |0 (RuTPU)RU\TPU\prd\1134  |t Материаловедение  |o научно-технический и производственный журнал  |d 2001- 
463 1 |0 (RuTPU)RU\TPU\prd\31493  |t № 12  |v С. 9-13  |d 2004 
610 1 |a труды учёных ТПУ 
700 1 |a Ермолаева  |b Н. П. 
701 1 |a Хабас  |b Т. А.  |c химик  |c профессор Томского политехнического университета, доктор технических наук  |f 1949-  |g Тамара Андреевна  |3 (RuTPU)RU\TPU\pers\25651  |9 11562 
701 1 |a Верещагин  |b В. И.  |c химик-технолог  |c профессор Томского политехнического университета, доктор технических наук  |f 1942-  |g Владимир Иванович  |3 (RuTPU)RU\TPU\pers\19774  |9 7712 
801 1 |a RU  |b 63413507  |c 20100713 
942 |c BK